Plan gerontológico

Salvato in:
Dettagli Bibliografici
Ente Autore: Ministerio de Trabajo y Asuntos Sociales (Autore)
Natura: Libro
Lingua:spagnolo
Pubblicazione: Madrid Ministerio de Asuntos Sociales 1993
Soggetti:
Tags: Aggiungi Tag
Nessun Tag, puoi essere il primo ad aggiungerne!!

MARC

LEADER 00000nam a2200000 a 4500
001 UCR5933
003 CL-VaPUC
008 980403e19930000SP |||||||||||||||||spa|d
082 0 4 |a 362.604  |b MIN  |2 21 
110 2 |a Ministerio de Trabajo y Asuntos Sociales  |e author  |9 406914 
245 1 0 |a Plan gerontológico 
300 |a 151 p 
942 |c BK 
945 |d 19980403 00:00:00  |a rleighto 
260 |a Madrid  |b Ministerio de Asuntos Sociales  |c 1993 
650 7 |a GERONTOLOGIA  |2 CL-VaPUC  |9 309824 
650 0 |a Tercera edad   |9 307285 
650 0 |a Vejez   |9 307287 
650 0 |a Aspectos sociales  |9 254894 
650 7 |a PENSIONES  |2 CL-VaPUC  |9 323807 
583 |a last modification  |c 19980403 00:00:00  |k Rodrigo Vera 
999 |c 268274  |d 268272 
952 |0 0  |1 0  |4 0  |6 362_604000000000000_MIN_1993  |7 0  |8 A  |9 301273  |a BIBEDU  |b BIBEDU  |d 2019-11-20  |i 3405044  |o 362.604 MIN 1993  |p 3405044  |r 2019-11-20  |w 2019-11-20  |y BK  |k EPE 
952 |0 0  |1 0  |4 0  |6 362_604000000000000_MIN_1993  |7 0  |8 A  |9 301274  |a BIBEDU  |b BIBEDU  |d 2019-11-20  |i 3474062  |o 362.604 MIN 1993  |p 3474062  |r 2019-11-20  |w 2019-11-20  |y BK  |k EPE